Monografía de 598 estampas de Manuel Manilla : grabador mexicano = Monograph of 598 Prints of Manuel Manilla : Mexican Engraver /
Aunque opacado por la grandeza de Posadas, Manuel Manilla (1830-1895) es considerado uno de los grandes caricaturistas mexicanos del siglo XIX. Si bien Manilla no tenía dominio de la perspectiva, su imaginación y sensibilidad para dar cuenta de la vida popular, hacen de sus grabados testimonios inva...
Na minha lista:
| Autor principal: | |
|---|---|
| Outros Autores: | , |
| Formato: | Livro |
| Idioma: | espanhol |
| Publicado em: |
México :
Editorial RM,
2005, c2005
|
| Colecção: | (Biblioteca de Ilustradores Mexicanos ;
4) |
| Assuntos: | |
| Tags: |
Sem tags, seja o primeiro a adicionar uma tag!
|
MARC
| LEADER | 00000nam^a2200000^a^4500 | ||
|---|---|---|---|
| 001 | 000180542 | ||
| 005 | 20250521000000.0 | ||
| 009 | 20260310101902.393 | ||
| 020 | |a 968-5208-35-2 | ||
| 037 | |a Acervo ITESO - Biblioteca | ||
| 041 | |a ESP | ||
| 082 | |a 769. 97204 |b MAN LOP | ||
| 100 | |a Manilla, Manuel |e (autor) | ||
| 245 | 1 | 0 | |a Monografía de 598 estampas de Manuel Manilla : |b grabador mexicano = Monograph of 598 Prints of Manuel Manilla : Mexican Engraver / |c M. Manilla ; texto de M. López Casillas ; introd. de J. Charlot. |
| 246 | 2 | |a Título en la cubierta: Manilla: monografía de 598 estampas de Manuel Manilla: grabador mexicano | |
| 264 | 4 | |a México : |b Editorial RM, |c 2005, c2005 | |
| 300 | |a 207 p. | ||
| 336 | |a texto |b txt |2 rdacontenido | ||
| 337 | |a sin mediación |b n |2 rdamedio | ||
| 338 | |a volumen |b nc |2 rdasoporte | ||
| 440 | 1 | |a (Biblioteca de Ilustradores Mexicanos ; |v 4) | |
| 520 | |a Aunque opacado por la grandeza de Posadas, Manuel Manilla (1830-1895) es considerado uno de los grandes caricaturistas mexicanos del siglo XIX. Si bien Manilla no tenía dominio de la perspectiva, su imaginación y sensibilidad para dar cuenta de la vida popular, hacen de sus grabados testimonios invaluables del México decimonónico. | ||
| 546 | |a Edición bilingüe español-inglés | ||
| 649 | |a XX | ||
| 650 | |a Grabadores Mexicanos | ||
| 650 | |a Artistas Mexicanos | ||
| 650 | |a Vida Cotidiana - |z México - |x Historia - |y Siglo XIX | ||
| 650 | |a Ocio y Tiempo Libre - |z México - |x Historia - |y Siglo XIX | ||
| 650 | |a Grabado - |z México - |x Historia - |y Siglo XIX | ||
| 650 | |a Ilustración (Diseño) - |z México - |x Historia - |y Siglo XIX | ||
| 650 | |a Diseño Editorial - |z México - |x Historia - |y Siglo XIX | ||
| 650 | |a Arte Mexicano - |y Siglo XIX | ||
| 650 | |a Arte y Sociedad - |z México | ||
| 650 | |a Manilla, Manuel | ||
| 700 | |a López Casillas, Mercurio |e (texto) | ||
| 700 | |a Charlot, Jean |e (introducción) | ||
| 910 | |a Fondo General | ||
| 920 | |a Impresos - Libros | ||
| 930 | |a Reserva Especial | ||
| 905 | |a 103 | ||
| 901 | |a 0500119943 |b IT1 |c REE |u 20250521 | ||
| 902 | |a https://opac.biblio.iteso.mx/vufind/Record/000180542 | ||